Biology Foundation For Class X/ (Record no. 199337)

MARC details
000 -LEADER
fixed length control field 00804nam a22002417a 4500
005 - DATE AND TIME OF LATEST TRANSACTION
control field 20231130144544.0
010 ## - LCCN (DPL NO)
LC control number ENG-138495
020 ## - INTERNATIONAL STANDARD BOOK NUMBER
International Standard Book Number 9789393330543
Terms of availability 575.00
035 ## - SYSTEM CONTROL NUMBER
System control number EN-122027
037 ## - SOURCE OF ACQUISITION
Stock number DBAD/PUB
082 ## - DEWEY DECIMAL CLASSIFICATION NUMBER
Classification number 574
Edition number First
100 ## - MAIN ENTRY--PERSONAL NAME
Personal name Jha, Abhimanyu
245 ## - TITLE STATEMENT
Title Biology Foundation For Class X/
Statement of responsibility, etc By Abhimanyu Jha...[et.al]
250 ## - EDITION STATEMENT
Edition statement FIrst
260 ## - PUBLICATION, DISTRIBUTION, ETC. (IMPRINT)
Place of publication, distribution, etc Hyderabad
Name of publisher, distributor, etc Universities Press
Date of publication, distribution, etc 2015
270 ## - ADDRESS
Address 3-6-747/1/A & 3-6-754/1 Himayatnagar
City Hyderbad
Postal code 500029
300 ## - PHYSICAL DESCRIPTION
Extent vpp.
Other physical details 26cm(pbk)
Dimensions ill.
500 ## - GENERAL NOTE
General note Includes bibliographical references and index
700 ## - ADDED ENTRY--PERSONAL NAME
Dates associated with a name Velramar, Balasubramanian
Personal name Author
9 (RLIN) 59258
700 ## - ADDED ENTRY--PERSONAL NAME
Dates associated with a name Awasthi, Archana
Personal name Author
9 (RLIN) 59259
700 ## - ADDED ENTRY--PERSONAL NAME
Dates associated with a name Gupta, Saurabh
Personal name Author
9 (RLIN) 59260
942 ## - ADDED ENTRY ELEMENTS (KOHA)
Source of classification or shelving scheme Dewey Decimal Classification
Item type English Books
Call number suffix JHA
Classification part 574
Edition First
Holdings
Withdrawn status Lost status Not for loan Collection code Home library Current library Date acquired Source of acquisition Cost, normal purchase price Full call number Barcode Copy number Cost, replacement price Koha item type
      Non-fiction Vinoba Puri Vinoba Puri 30/11/2023 DBAD/PUB 575.00 JHA 574 EN-122027 1 575.00 English Books

© Delhi Public Library
Hit Counter
free hit counter